00724pam a2200229 a 45000010008000000030004000080050017000120080041000290100017000700200022000870400018001090500017001270820024001441000044001682450078002122600056002903000021003465000036003675040030004036300021004336500040004541388495OSt20210222155405.0820723s1982 miu b 000 0 eng  a 82013564  a0310449219 (pbk.) aDLCcDLCdDLC00aBT77bSP771B00a238/.11219bSP771B1 aSproul, R. C.q(Robert Charles),d1939-10aBasic training, plain talk on the key truths of the faith /cR.C. Sproul. aGrand Rapids, Mich. :bZondervan Pub. House,c1982. a192 p. ;c21 cm. aRev. ed. of: The symbol. c1973. aBibliography: p. 188-190.00aApostles' Creed. 0aTheology, DoctrinalxPopular works.